International encyclopaedia of Anthropology (v.9)/ (Record no. 20332)
[ view plain ]
| 000 -LEADER | |
|---|---|
| fixed length control field | 00421nam a22001571a 4500 |
| 020 ## - INTERNATIONAL STANDARD BOOK NUMBER | |
| ISBN | 9788170207863 |
| 082 ## - DEWEY DECIMAL CLASSIFICATION NUMBER | |
| Classification number | 301.03 |
| Item number | CHA/I |
| 245 ## - TITLE STATEMENT | |
| Title | International encyclopaedia of Anthropology (v.9)/ |
| Statement of responsibility, etc | by Channa S M (ed.) |
| 260 ## - PUBLICATION, DISTRIBUTION, ETC. (IMPRINT) | |
| Place of publication | New Delhi |
| Name of publisher | Cosmo |
| Year of publication | 1998 |
| 300 ## - PHYSICAL DESCRIPTION | |
| Number of Pages | 312p. |
| 650 ## - SUBJECT ADDED ENTRY--TOPICAL TERM | |
| Topical Term | Encyclopaedia Anthropology |
| 650 ## - SUBJECT ADDED ENTRY--TOPICAL TERM | |
| Topical Term | Anthropology |
| 650 ## - SUBJECT ADDED ENTRY--TOPICAL TERM | |
| Topical Term | Social Sciences |
| 700 ## - ADDED ENTRY--PERSONAL NAME | |
| Personal name | Channa S M (ed.) |
| 942 ## - ADDED ENTRY ELEMENTS (KOHA) | |
| Koha item type | Reference |
| Withdrawn status | Lost status | Damaged status | Not for loan | Permanent Location | Current Location | Date acquired | Cost, normal purchase price | Full call number | Accession Number | Cost, replacement price | Price effective from | Koha item type |
|---|---|---|---|---|---|---|---|---|---|---|---|---|
| Sree Sankaracharya University of Sanskrit | Sree Sankaracharya University of Sanskrit | 08.01.2015 | 1375.00 | R 301.03 CHA/I | 016831 | 0.00 | 08.01.2015 | Reference |